00882nam a2200241 i 450000100060000000300090000600500170001500700030003200800410003502000180007608000360009410000310013024500840016125000120024526000450025730000410030250400330034360000620037670000300043885200330046899900170050195201220051817431ES-MaACL20240524172133.0t|010305s2000 sp ||||1| spa d a84-8109-280-0 a929 Goethe, Johann Wolfgang von1 aUnseld, Siefgried.911202310aGoethe y sus editores / cSiegfried Unseld ; traducción de Rosa Pilar Blanco. a1ª ed. aBarcelona : bGalaxia Gutenberg, c2000. a575 p., [16] p. de lám. ; c22 cm. aBibliografía : p. 552-560.14aGoethe, Johann Wolfgang von,d1749-1832-xEditores9575721 aBlanco, Rosa Pilar929205 aES-MaACLjL-24376 bR.129524 c17431d17431 00104070aATENEOMbATENEOMcDEPO2d2008-01-17eSCl0oL-24376p1017784r2023-02-23 00:00:00w2023-02-23yMONOGRAFIA